| 000 | 01325cam a2200349 i 4500 | ||
|---|---|---|---|
| 001 | 14731978 | ||
| 003 | EG-ScBUE | ||
| 005 | 20240703092548.0 | ||
| 008 | 070212s2004 nyu f 000 0aeng d | ||
| 020 | _a9780307383419 | ||
| 040 |
_aDLC _beng _erda _cDLC _dEG-ScBUE |
||
| 043 | _an-us--- | ||
| 082 | 0 | 4 |
_222 _a973.04960730092 _bOBA |
| 100 | 1 |
_aObama, Barack, _eauthor. _913969 |
|
| 245 | 1 | 0 |
_aDreams from my father : _ba story of race and inheritance / _cBarack Obama. |
| 264 | 1 |
_aNew York : _bCrown Publishers, _c[2004] |
|
| 264 | 4 | _cc2004 | |
| 300 |
_axvii, 442 pages ; _c25 cm |
||
| 336 |
_2rdacontent _atext _btxt |
||
| 337 |
_aunmediated _2rdamedia _bn |
||
| 338 |
_avolume _bnc _2rdacarrier |
||
| 500 | _aOriginally published: New York : Times Books, c1995. With new introd. | ||
| 500 | _aThis edition appears without the keynote address to the Democratic Convention, 2004. | ||
| 600 | 1 | 7 |
_aObama, Barack. _2BUEsh _913970 |
| 650 | 7 |
_aAfrican Americans _vBiography. _2BUEsh _913971 |
|
| 650 | 7 |
_aRacially mixed people _zUnited States _vBiography. _2BUEsh _913972 |
|
| 650 | 7 |
_aRacism _zUnited States. _2BUEsh _913973 |
|
| 651 | 7 |
_aUnited States _xRace relations. _2BUEsh _913974 |
|
| 655 | _vReading book | ||
| 942 |
_2ddc _cBB |
||
| 999 |
_c13984 _d13984 |
||